Beyond the blossoming fields
Saved in:
| Main Author: | |
|---|---|
| Format: | Book |
| Language: | English |
| Published: |
Londres
Alma Books
1970
|
| Subjects: | |
| Tags: |
Add Tag
No Tags, Be the first to tag this record!
|
MARC
| LEADER | 00000nam a2200000 a 4500 | ||
|---|---|---|---|
| 001 | UCH1029 | ||
| 003 | CL-VaPUC | ||
| 008 | 090402e19700000uk |||||||||||||||||eng|d | ||
| 020 | |a 9781846880643 | ||
| 082 | 0 | 4 | |a 895.6 |b WAT |2 21 |
| 100 | 0 | |a Watanabe, Jun'ichi |e author |9 535360 | |
| 245 | 1 | 0 | |a Beyond the blossoming fields |
| 300 | |a 313 p | ||
| 942 | |c BK | ||
| 945 | |d 20090402 00:00:00 |a dcastane | ||
| 260 | |a Londres |b Alma Books |c 1970 | ||
| 500 | |a Traducido del japonés por Deborah Iwabuchi y Anna Isozaki | ||
| 650 | 0 | |a Literatura japonesa |9 266543 | |
| 583 | |a last modification |c 20171004 03:24:32 |k Rodrigo Vera | ||
| 999 | |c 333124 |d 333122 | ||
| 952 | |0 0 |1 0 |4 0 |6 895_600000000000000_WAT_1970 |7 0 |8 A |9 421309 |a BIBGIM |b BIBGIM |d 2019-11-22 |i 4530373 |l 1 |o 895.6 WAT 1970 |p 4530373 |r 2025-01-15 |s 2023-12-13 |w 2019-11-22 |y BK |k ORI | ||